| 000 | 00705nam a2200229 i 4500 | ||
|---|---|---|---|
| 003 | DO-SdBNP | ||
| 005 | 20230620110511.0 | ||
| 007 | ta | ||
| 008 | 180709s1995 000 spa d | ||
| 040 |
_aDO-SdBNP _bspa _cBNPHU _erda |
||
| 082 |
_bR892t _222 |
||
| 245 | 0 |
_aTeoría literaria e historia de la literatura española. / _cJosé Antonio Royuela, Gerardo Aparicio |
|
| 250 | _a10a. edición | ||
| 264 |
_aSanto Domingo : _bEdirex, _c1995 |
||
| 300 |
_a295 paginas : _bilustraciones ; _c26 cm |
||
| 336 |
_2rdacontent _atexto _btxt |
||
| 337 |
_2rdamedia _asin mediación _bnc |
||
| 590 | _aInventariado, 2023 / DG | ||
| 700 |
_aAparicio, Gerardo _eautor _973683 |
||
| 910 | _aDG | ||
| 942 |
_2ddc _cLBS1 |
||
| 999 |
_c47134 _d47134 |
||